| 000 | 01221nam a22002537a 4500 | ||
|---|---|---|---|
| 005 | 20170124103203.0 | ||
| 010 | _aB-180013 | ||
| 020 | _c155.00 | ||
| 035 | _aB-180013 | ||
| 037 | _bCen Lib/Ret | ||
| 040 |
_aDPL _bHN |
||
| 082 |
_a320 _bराजनी |
||
| 245 |
_aराजनीति विज्ञान एवं अन्तराष्ट्रीय सम्बन्ध : _cसंपादक एन.एन. ओझा _bप्रशोत्तर रूप में / |
||
| 246 |
_aRajniti vigyan evam antarrashtriya sambandh / _bsampadak N.N. Ojha |
||
| 260 |
_aनई दिल्ली _bक्रोनिकल बुक्स _c2005 |
||
| 270 |
_bनई दिल्ली _aबी-7, एक्स/११४ए, सफदरजंग एन्क्लेव _e110029 |
||
| 300 |
_a193पृ. _c21सेमी(सजिल्द ) |
||
| 650 |
_aराजनीति विज्ञान _x _z _945844 |
||
| 650 |
_aअन्तराष्ट्रीय सम्बन्ध _96749 |
||
| 650 |
_apolitical Science _992645 |
||
| 650 |
_aInternational relations _992646 |
||
| 700 |
_aओझा, एन.एन. _942260 |
||
| 942 |
_2ddc _cHN _h320 _mराजनी |
||
| 999 |
_c120792 _d120792 |
||